| 000 | 00532nam a22001937a 4500 | ||
|---|---|---|---|
| 001 | 00028470 | ||
| 005 | 20260306122114.0 | ||
| 008 | 260306b ag ||||| |||| 00| 0 spa d | ||
| 040 |
_bspa _cAR-CcCEOS |
||
| 080 | _a001.94 | ||
| 090 | _bCHE | ||
| 100 |
_aFrancisco Checchi _9776 |
||
| 245 |
_aOvnis : _bencuentros programados / _cFrancisco Checchi |
||
| 250 | _a1a ed. | ||
| 260 |
_aBuenos Aires : _bCentro para el hombre nuevo, _cc1990. |
||
| 300 |
_a126 p. : _bil. byn. ; _c19x13 cm. |
||
| 650 | 0 | _aciencia | |
| 942 |
_2udc _cBK |
||
| 999 |
_c28497 _d28497 |
||
| 945 |
_c66467 _dMelina Rolando |
||